00533nam a2200181 a 4500001001300000003000900013005001700022008004100039020002200080082001500102100001600117245010800133260003800241300000800279500003500287650001300322700001600335nice12345678IN_TiNIC20260116014339.0090727s2004 newa grp 000 0 eng  a8190209418 c2000a294.3bALO aAloysius, G aDalit-Subaltern Emergence in Religion-Cultural Subjectivityb Iyothee Thassar and Emancipatory Buddhism aNew Delhi bCritical Quest c2004 a32p aincludes index and biblioraphy aBuddhism1 aAloysius, G